| 000 | 00342nam a22001217a 4500 | ||
|---|---|---|---|
| 082 |
_a808.831 _bSAR _cL-NUST-01, P-47 |
||
| 100 |
_aSarkar, S.M _946822 |
||
| 245 |
_aFamous Stories for children _cSarkar, S.M |
||
| 260 |
_aIndia _bDhingra publishing house |
||
| 300 |
_aP-24 _bill |
||
| 526 |
_a0 _b0 _c0 _d808_831000000000000_SAR |
||
| 942 |
_2ddc _cBK |
||
| 999 |
_c550083 _d550083 |
||